000 01037njm a22002657a 4500
005 20100915154347.0
006 a|||||r|||||00| 0
007 sd ammalaaahaa
008 100910t xxu||||| |||| 00| 0 eng d
028 _aECLP. 14607
_bHis Master's Voice
035 _aGR-02732
040 _aSED
_cSED
100 _aNoor Jehan
_919365
245 _aFaiz Ahmad Faiz /
_cby Noor Jehan ; Lyric Faiz Ahmad Faiz
_h[sound recording] :
260 _aDum Dum, India
_bHis Master's Voice
_c1977
300 _a1V.1 sound disc [Gramophone Recording] :
_banalog, 33 1/3 rpm ;
_c12. in. (LP)
_fGramaphone Records
500 _aBrief records
500 _aRecord Lables : His Master's Voice, Red
505 _aSide-1 (Mujhse Pahli Si Mohabbat )(Noor Jehan), --Side-2 (Rang Pairahan Ka Khushboo) (Ferdausi Begum)
600 _a Mohd Rafi
_919611
650 _2Excerpts.
_aUrdu Songs
_bIndia
_919366
700 _aFaiz Ahmad Faiz
_920237
942 _2ddc
_cGR
999 _c46035
_d46035